00768nam a22002297a 4500003000500000005001700005008004100022010001000063011001000073035001000083040000900093111014900102245001300251260006800264300001000332650003900342650003800381700002500419700002900444700003000473700003500503CHAP20220329140043.0971013s1972 r 10010 d a46284 a47256 a51398 cCHAP00aReunión Nacional de Directores de Institutciones de Nivel Medio Superior y Superior de Educación Agrícola (n2d: 1972c: México, D. F.) aReseña aMéxico, D. F. :bSecretaría de Educación Pública,c1972 a88 p.14aEducación agrícolaxCongresos.14aEducación agrícolazMéxico.0 aBucio Alanis, Lauro.0 aGarza Caballero, Manuel.0 aMurillo Peralta, Gabriel.0 aPalacios de la Rosa, Gilberto.